000 01072nam a22003377a 4500
003 CHAP
005 20220329140738.0
008 971013s1963 us a r 00010 eng d
010 _a56958
011 _a57930
035 _a62085
040 _cCHAP
082 0 4 _a580
_bS55 1963
100 0 0 _aSinnott, Edmund Ware.
_9106661
245 1 _aBotany
_b: principles and problems
250 _a6 ed.
260 _aNew York :
_bMcGraw-Hill,
_c1963
300 _a515 p.
_b: ilus.
590 _aBATCH-UPD
_b10
_c20130110
_lUCH01
_h0318
590 _aBATCH-UPD
_b10
_c20130110
_lUCH01
_h1819
590 _aBATCH-UPD
_b10
_c20130409
_lUCH01
_h2350
590 _aBATCH-UPD
_b10
_c20130410
_lUCH01
_h1638
590 _aBATCH-UPD
_b10
_c20130914
_lUCH01
_h0733
590 _aCONVERSION
_b10
_c20130109
_lUCH01
_h1331
650 1 4 _aBotánica.
_914477
700 0 _aWilson, Katherine S.
_9122217
901 _aBK
942 _cLIBRO
949 _a580 S55 1963
_bBC
_cLIBRO
_d33724000502233
_eLIBRO
_h18160
_i62085
_si
949 _a580 S55 1963
_bBC
_cLIBRO
_d33724000502241
_eLIBRO
_fc.3
_h18161
_i62085
_si
999 _c56958
_d56958